| 000 | 00508nam a22001457a 4500 | ||
|---|---|---|---|
| 008 | 140521b xxu||||| |||| 00| 0 eng d | ||
| 020 | _a0255362617 | ||
| 050 | _aLC1091.P713 | ||
| 100 |
_aPlant, Raymond and Barry, Norman _910450 |
||
| 245 |
_aCitizenship and Rights in Thatcher's Britain _btwo views _cRaymond Plant and Norman Barry |
||
| 260 |
_aLondon _bIEA Health and Welfare Unit _c1990 |
||
| 300 |
_avii, 77p. ; _c22cm. |
||
| 650 |
_aPolitical Education _zGreat Britain _910451 |
||
| 942 |
_2lcc _cMONOGRAPH |
||
| 999 |
_c120566 _d120566 |
||